<?xml version="1.0" encoding="UTF-8"?>
<record
    xmlns:xsi="http://www.w3.org/2001/XMLSchema-instance"
    xsi:schemaLocation="http://www.loc.gov/MARC21/slim http://www.loc.gov/standards/marcxml/schema/MARC21slim.xsd"
    xmlns="http://www.loc.gov/MARC21/slim">

  <leader>02152nam a22001337a 4500</leader>
  <datafield tag="999" ind1=" " ind2=" ">
    <subfield code="c">67437</subfield>
    <subfield code="d">67434</subfield>
  </datafield>
  <datafield tag="100" ind1=" " ind2=" ">
    <subfield code="a">Muzafar Hussain Lashri</subfield>
    <subfield code="a">17MPE14</subfield>
    <subfield code="a">Supervisor- Dr .Javed Ahmed Laghari</subfield>
  </datafield>
  <datafield tag="245" ind1=" " ind2=" ">
    <subfield code="a">A Dynamic Under Frequency Load Shedding Scheme For the Prevention of Power Blackouts</subfield>
  </datafield>
  <datafield tag="260" ind1=" " ind2=" ">
    <subfield code="a">Nawabshah</subfield>
    <subfield code="b">Quest</subfield>
    <subfield code="c">2021</subfield>
  </datafield>
  <datafield tag="300" ind1=" " ind2=" ">
    <subfield code="a">43p.</subfield>
  </datafield>
  <datafield tag="500" ind1=" " ind2=" ">
    <subfield code="a">
ABSTRACT
Electric power system is always subjected to different types of disturbances due to overload, tripping of generators, fault occur at any section of power system. Due to these disturbances, the system frequency will change, and the power system becomes unstable which can result in a major blackout if not immediately restored. To make stability in the frequency, typically conventional under-frequency load shedding (UFLS) method is widely used. However, these have the issue of not calculating the power imbalance and leading to un-optimal load  shedding. The consequence might be excessive shedding of loads, that would impact the power  system's efficiency, or small shedding of loads, leading towards the interruption of  complete  system.  To address this issue, this thesis proposes a dynamic under frequency  load  shedding scheme to make sure the power system is functioning secure and effective in the event of significant  disruptions.  The proposed  dynamic UFLS  scheme  is performed  based on frequency and its rate of change with power swing equation.

The efficacy and robustness have been explored for this system in various cases of generators operating in the test system of IEEE 9 Bus. The frequency response for both conventional and dynamic UFLS schemes is compared for various generator tripping cases. It has been found that dynamic UFLS scheme provides more optimal results than the conventional scheme in terms of frequency overshoot, frequency undershoot, and the loads which are to be shed. Furthermore, this study proves that dynamic UFLS scheme is efficient and more reliable in the prevention of power blackouts in power system compared  to conventional UFLS  scheme.
</subfield>
  </datafield>
  <datafield tag="700" ind1=" " ind2=" ">
    <subfield code="a">Department of Electrical Engineering</subfield>
  </datafield>
  <datafield tag="856" ind1=" " ind2=" ">
    <subfield code="u">https://tinyurl.com/4s46t35f</subfield>
  </datafield>
  <datafield tag="942" ind1=" " ind2=" ">
    <subfield code="c">THESIS</subfield>
  </datafield>
  <datafield tag="952" ind1=" " ind2=" ">
    <subfield code="0">0</subfield>
    <subfield code="1">0</subfield>
    <subfield code="4">0</subfield>
    <subfield code="7">0</subfield>
    <subfield code="a">RESEARCH</subfield>
    <subfield code="b">RESEARCH</subfield>
    <subfield code="d">2022-01-13</subfield>
    <subfield code="l">0</subfield>
    <subfield code="p">MP/69-898</subfield>
    <subfield code="r">2022-01-13 00:00:00</subfield>
    <subfield code="w">2022-01-13</subfield>
    <subfield code="y">THESIS</subfield>
  </datafield>
  <datafield tag="952" ind1=" " ind2=" ">
    <subfield code="0">0</subfield>
    <subfield code="1">0</subfield>
    <subfield code="4">0</subfield>
    <subfield code="7">0</subfield>
    <subfield code="a">RESEARCH</subfield>
    <subfield code="b">RESEARCH</subfield>
    <subfield code="d">2022-01-13</subfield>
    <subfield code="l">0</subfield>
    <subfield code="p">MP/69-899</subfield>
    <subfield code="r">2022-01-13 00:00:00</subfield>
    <subfield code="w">2022-01-13</subfield>
    <subfield code="y">THESIS</subfield>
  </datafield>
</record>
